[Event "Groningen PCA"]
[Site "Groningen"]
[Date "1993.??.??"]
[Round "6"]
[White "Rozentalis, Eduardas"]
[Black "Polgar, Zsuzsa"]
[Result "1-0"]
[WhiteElo "2600"]
[BlackElo "2545"]
[Annotator "Ernst,T"]
[PlyCount "117"]
[EventDate "1993.12.??"]
[EventType "swiss"]
[EventRounds "11"]
[EventCountry "NED"]
[SourceTitle "CBM 039"]
[Source "ChessBase"]
[SourceDate "1994.04.01"]
[SourceVersion "1"]
[SourceVersionDate "1994.04.01"]
[SourceQuality "1"]

1. e4 {Wedberg} e5 2. Nf3 Nc6 3. Bb5 Nf6 4. O-O Bc5 5. Nxe5 Nxe5 6. d4 a6 7.
dxe5 axb5 8. exf6 Qxf6 9. Nc3 (9. e5 $6 Qf5 10. a3 O-O 11. Qe2 Re8 12. Qxb5 b6
$17 {Fernandes,An-Finegold,B/New York op 1993/}) 9... c6 10. Be3 (10. Qd3 O-O
11. Be3 Bxe3 12. Qxe3 $10 {Timman,J-Beljavsky,A/Linares/1993/}) (10. e5 {
Wedberg} Qf5 11. Kh1 O-O 12. f4 d5 13. exd6 Bd7 {/\ Rae8 <=>}) 10... Bxe3 11.
fxe3 Qe5 (11... Qe7 12. Qd4 O-O 13. a3 d6 14. Rad1 Rd8 15. e5 d5 16. Rf3 Be6
17. Rdf1 Rf8 $13 {Abramovic,B-Paunovic,D/Prokuplje/1987/}) 12. a3 d6 13. Qd4
Bg4 (13... O-O {Wedberg} 14. Rad1 $16) 14. h3 Be6 15. Rad1 Rd8 16. Rf2 Rd7 17.
a4 bxa4 18. Nxa4 b5 19. Nc3 Qg5 (19... O-O $10 {Wedberg}) 20. Qb6 Qc5 21. Qxc5
dxc5 22. Ra1 Ke7 23. Ra6 Rc8 24. Kh2 c4 25. Kg3 f6 26. Ne2 Rd1 27. Nd4 Bd7 28.
Ra7 Kd6 29. Kf4 Re8 30. h4 g6 31. Kf3 h5 32. Kf4 Re7 33. Nf3 Bg4 34. Rxe7 Kxe7
35. e5 Bxf3 {?+/- Wedberg} 36. gxf3 b4 37. exf6+ Kxf6 38. e4 $14 c5 39. c3 b3 (
39... bxc3 40. bxc3 Rc1 41. e5+ Kf7 42. Ra2 Rxc3 43. Ra7+ Kf8 44. Rc7 $14) (
39... Rc1 {Wedberg} 40. Rd2 $16) 40. e5+ Ke6 41. Rg2 Kf7 42. Ke4 Rh1 43. Kd5
Rxh4 44. e6+ Kf6 45. Kd6 Rh1 46. Re2 Rd1+ 47. Kxc5 Ke7 48. Kxc4 $16 Rg1 49.
Kxb3 Rg3 50. Kc4 Rxf3 51. b4 h4 52. b5 h3 53. b6 $18 g5 54. b7 Rf8 55. Kd5 g4
56. Rf2 Rxf2 57. b8=Q h2 58. Qa7+ Kf6 59. Qxf2+ 1-0

[Event "Interzonal-15"]
[Site "Manila"]
[Date "1990.??.??"]
[Round "8"]
[White "Rachels, Stuart"]
[Black "Torre, Eugenio"]
[Result "0-1"]
[WhiteElo "2475"]
[BlackElo "2530"]
[Annotator "Ernst,T"]
[PlyCount "120"]
[EventDate "1990.06.29"]
[EventType "swiss"]
[EventRounds "13"]
[EventCountry "PHI"]
[SourceTitle "CBM 019"]
[Source "ChessBase"]
[SourceDate "1990.12.01"]
[SourceVersion "1"]
[SourceVersionDate "1990.12.01"]
[SourceQuality "1"]

1. e4 e5 2. Nf3 Nc6 3. Bb5 Nf6 4. O-O Bc5 5. c3 (5. Nxe5 $5 Nxe5 6. d4) 5...
O-O 6. d4 Bb6 7. Bg5 h6 8. Bh4 d6 9. Bxc6 bxc6 10. dxe5 dxe5 11. Qa4 $5 (11.
Nbd2) 11... Qd6 12. Na3 Nd7 13. Nc4 Qe6 14. Nxb6 cxb6 $10 15. Rfd1 Nc5 (15...
a5 $5 16. Qb3 Qg6) 16. Qc2 a5 17. b4 $6 (17. Bd8 $5 Nd7 18. Bc7 Ra7 19. Bd6 (
19. Rd6 $2 Qc4 20. Nd2 Qa6 21. Rxc6 Qb7 22. Rc4 b5 $19)) 17... Nb7 18. Nd2 c5
19. a3 Bd7 20. f3 Rfc8 21. Qb2 Ba4 $15 22. Rdc1 Rc7 23. Nf1 {/\Ne3-d5} Nd6 24.
Ne3 Nc4 25. Qf2 Nxe3 26. Qxe3 Bb3 27. Rab1 a4 28. Rb2 Rac8 29. bxc5 Rxc5 30.
Rd2 f6 31. Bf2 R5c6 32. Rd3 Bc4 (32... b5 33. Qd2) 33. Rdd1 b5 34. Be1 Rd6 35.
Rxd6 Qxd6 36. Ra1 Rd8 37. h3 Qc7 38. Bf2 Rd3 39. Qc5 Qd7 (39... Qxc5 40. Bxc5
Rxc3 41. Rd1 $10) 40. Rc1 Rd2 41. Qa7 Qe8 42. Qc5 Kh7 43. Be3 Rd3 (43... Ra2
44. Rd1) 44. Kh2 Qh5 45. Qb6 f5 46. exf5 Qxf5 47. Qc5 Rd5 48. Qe7 $5 Qd3 49.
Re1 $1 $10 Qf5 (49... Qxc3 $2 50. Bxh6 $1 Kxh6 51. Re4 Rd4 52. Qxe5 Rd3 53.
Rh4+ $18) 50. Bc1 Bd3 51. Kg1 Bc2 52. Kh2 Qf6 53. Qc7 (53. Qxf6 gxf6 $15) 53...
Bd3 54. Re3 $2 $138 (54. Be3 $142 $10) 54... Qf4+ $19 55. g3 (55. Kg1 Bc4 56.
Re1 Qg3 $19) 55... Qf5 56. g4 Qf4+ 57. Kg2 Bc4 58. Rd3 (58. Re1 Rd2+ $19) 58...
Qxc1 59. Rxd5 Qf1+ 60. Kg3 Qe1+ 0-1

[Event "GER-ch 72nd"]
[Site "Heringsdorf"]
[Date "2000.11.21"]
[Round "5"]
[White "Naiditsch, Arkadij"]
[Black "Rabiega, Robert"]
[Result "1-0"]
[WhiteElo "2449"]
[BlackElo "2487"]
[Annotator "Ernst,T"]
[PlyCount "117"]
[EventDate "2000.11.17"]
[EventType "swiss"]
[EventRounds "9"]
[EventCountry "GER"]
[SourceTitle "CBM 080"]
[Source "ChessBase"]
[SourceDate "2001.01.25"]
[SourceVersion "1"]
[SourceVersionDate "2001.01.25"]
[SourceQuality "1"]

1. e4 e5 2. Nf3 Nc6 3. Bb5 Nf6 4. O-O Bc5 5. c3 O-O 6. d4 Bb6 7. Bg5 h6 8. Bh4
d6 9. a4 a5 10. Re1 exd4 (10... Bg4 11. Bxc6 bxc6 12. dxe5 dxe5 13. Qxd8 Raxd8
14. Nxe5 g5 15. Bg3 Nxe4 16. Nxg4 f5 17. Na3 $1 Nxg3 18. Nxh6+ Kg7 19. hxg3 Rd2
20. Nc4 Bxf2+ 21. Kf1 Bxe1 22. Rxe1 Rd3 23. Re6 $14 {Anand-Torre/Manila/1990/})
11. Bxc6 bxc6 12. Nxd4 g5 13. Bg3 c5 14. Nb5 (14. Nf3 $14) 14... Bb7 15. Nd2
Re8 16. e5 $5 dxe5 17. Nc4 Qd5 18. Qxd5 Nxd5 19. Bxe5 Re6 20. Bg3 $14 Rae8 21.
f3 Rxe1+ 22. Rxe1 Rxe1+ 23. Bxe1 Bc8 24. Bg3 Bf5 25. Nba3 Bd7 26. b3 Nxc3 27.
Be1 Ne2+ 28. Kf2 Nd4 29. Bxa5 Nxb3 30. Bxb6 cxb6 31. Nxb6 Bc6 32. Nac4 $16 Kg7
33. Ke3 Kf6 34. Kd3 Ke6 35. Kc3 Nd4 36. Nd2 Bd5 37. Kd3 f5 38. Nxd5 Kxd5 39.
Nc4 Nc6 40. Ne3+ Ke6 41. Kc4 f4 42. Ng4 $18 Kd6 43. Nxh6 Ne5+ 44. Kc3 Kc6 45.
Ng4 Nd7 46. Nf2 Nb6 47. Kb3 Nd5 48. Ng4 Ne7 49. Ne5+ Kd5 50. Nf7 Kd4 51. Nxg5
Kd3 52. Ne4 c4+ 53. Kb2 Nd5 54. a5 c3+ 55. Nxc3 Nxc3 56. Kb3 Kd4 57. a6 Nd5 58.
a7 Nc7 59. h4 1-0

[Event "Saint Louis Summer-A"]
[Site "Saint Louis"]
[Date "2018.05.23"]
[Round "9"]
[White "Durarbayli, Vasif"]
[Black "Sevian, Samuel"]
[Result "1/2-1/2"]
[WhiteElo "2618"]
[BlackElo "2613"]
[Annotator "Fernandez,D"]
[PlyCount "145"]
[EventDate "2018.05.15"]
[EventType "tourn"]
[EventRounds "9"]
[EventCountry "USA"]
[EventCategory "16"]
[SourceTitle "CBM 185"]
[Source "ChessBase"]
[SourceDate "2018.07.13"]
[SourceVersion "1"]
[SourceVersionDate "2018.07.13"]
[SourceQuality "1"]

1. e4 e5 2. Nf3 Nc6 3. Bb5 Nf6 4. d3 d6 5. O-O g6 6. c4 {It is well worth
asking why this line exists. Surely White wasn't hoping for a structure with
Bxc6 and a Closed-Sicilian or Exchange-Ruy like clamp with lots of pawns on
light squares?} (6. d4 {is the main move, even having lost one tempo.} Bd7 7.
d5 Ne7 8. Bxd7+ Qxd7 9. Re1 Bg7 10. c4 O-O 11. Nc3 $14 {and both sides have
more or less what they were looking for.}) 6... Bg7 7. Nc3 O-O 8. Be3 {So we
have our answer. At the first moment when the option was serious, White chose
not to take on c6.} (8. Bxc6 bxc6 $15 {looks interesting until we realise that
Black wants to play with ...c5 and that he will additionally have time for any
space-gaining or reorganising moves that he needs, like ...Nd7-b8-c6-d4 or ...
f5-f4.}) 8... Ng4 9. Bg5 f6 10. Bd2 f5 {I wonder how much inspiration the
players were drawing from the game Prohaszka-Zherebukh at this moment?} (10...
Nd4 $15 {was a slightly better choice, not giving White the chance to take
decisive strategic action himself in the centre.}) 11. Bg5 (11. c5 $5 {makes
Black's opening triumph look quite a bit more ambiguous.}) (11. h3 Nf6 12. Bxc6
bxc6 13. b4 {is the engine recommendation, and after} f4 $132 {we get a
standard race for play on opposite wings.}) 11... Nf6 {Black drifts over the
next few moves.} (11... Bf6 $1 {was the most principled decision.} 12. Bd2 f4
$1 {and the race continues.}) 12. Nd5 (12. c5 $5 {is again an interesting call,
although White made it soon enough.}) 12... fxe4 13. dxe4 Bg4 (13... a6 14.
Bxc6 bxc6 15. Nxf6+ Bxf6 {would have been an interesting call for Black, which
he probably rejected in view of} 16. Bxf6 Qxf6 17. c5 $132) 14. c5 $2 {This is
clearly a miscalculation of some kind, because Black now obtains a monster
knight.} (14. Bxc6 bxc6 15. Ne3 Bxf3 16. Qxf3 Qb8 $1 $11 {and Black has to
play a few more accurate moves in order to hold equality with the worse minor
pieces.}) 14... Bxf3 $1 15. Qxf3 Nd4 $15 {Black has clearly won the opening
battle.} 16. Qd3 (16. Qe3 $5 {The computer suggests some downright confusing
moves sometimes. From my perspective, this gains nothing after Black plays} Kh8
{when he will be threatening the b5-bishop for real.}) 16... c6 17. Nxf6+ Bxf6
18. Bc4+ Kg7 19. Bxf6+ Qxf6 20. cxd6 Qxd6 21. Rad1 Rad8 22. a3 g5 23. Qe3 Qg6
24. f3 Rf4 25. Rd2 h5 (25... b5 26. Ba2 g4 $15 {clarifies the situation more.})
26. Rdf2 Rdf8 {Somewhere around here, Black's control of the game starts to
slip.} (26... b5 27. Ba2 a5 $15) 27. b4 Qh6 28. a4 Qd6 $6 29. b5 (29. g3 {
and now presumably Black's idea was to retreat his pieces and prepare ...g4,
when he can use the f3-square, however there isn't time.} Qg6 30. Kh1 R4f6 31.
f4 $1 $36) 29... Qc5 30. Bd3 Kh7 {Black once more looks like he is controlling
the game but bishops often demonstrate a remarkable propensity for playing
'around' opponents' pieces.} 31. bxc6 bxc6 32. Kh1 Qe7 33. g3 R4f7 34. f4 $1 {
The correct idea to break out of the bind. Black now has to think hard about
the possibility of being worse.} gxf4 35. gxf4 Qh4 $1 36. Qg3 $1 {Ensuring
that at least White won't lose.} Qxg3 37. hxg3 Rg7 38. Rg2 h4 $1 {Black in his
turn ensures that he won't lose!} 39. gxh4 Rxg2 40. Kxg2 exf4 41. Kh3 Kh6 42.
e5 f3 43. Rg1 f2 44. Rg6+ Kh5 45. Rf6 Rxf6 46. exf6 f1=Q+ 47. Bxf1 Kg6 $11 {
The draw is now totally ensured.} 48. Kg4 Kxf6 49. Bc4 Nf5 50. Ba6 Nd4 51. Kh5
Ne6 52. Bc4 Ng7+ 53. Kg4 Nf5 54. Bd3 Nd6 55. Kh5 Kg7 56. Kg5 Nb7 57. h5 Nc5 58.
Bc2 a5 59. h6+ Kh8 60. Kf6 Nd7+ 61. Kf7 Nc5 62. Kg6 Kg8 63. Kf6 Kh8 64. Kg6 Kg8
65. Kf5 Kh7 66. Kg5+ Kg8 67. Kg6 Kh8 68. h7 Nxa4 69. Bxa4 c5 70. Bb3 c4 71.
Bxc4 a4 72. Bd5 a3 73. Ba2 1/2-1/2

[Event "Norway Chess 6th"]
[Site "Stavanger"]
[Date "2018.06.07"]
[Round "9"]
[White "Caruana, Fabiano"]
[Black "So, Wesley"]
[Result "1-0"]
[WhiteElo "2822"]
[BlackElo "2778"]
[Annotator "Fernandez,D"]
[PlyCount "95"]
[EventDate "2018.05.28"]
[EventType "tourn"]
[EventRounds "9"]
[EventCountry "NOR"]
[EventCategory "22"]
[SourceTitle "CBM 185"]
[Source "ChessBase"]
[SourceDate "2018.07.13"]
[SourceVersion "1"]
[SourceVersionDate "2018.07.13"]
[SourceQuality "1"]

1. e4 e5 2. Nf3 Nc6 3. Bb5 Nf6 4. d3 {Berlin invited and declined. Now Black
has a reasonable range of options.} Bc5 (4... Ne7 $5 {is a nice 'tricky' line,
trying to play as if this was an Italian and not a Spanish. Black will
continue ...Ng6, ...Bc5, ...0-0, ...a6, ...d6 if allowed, and abstain from ...
c6.}) (4... d6 {is of course normal:} 5. c3 g6 6. O-O Bg7 7. Re1 O-O 8. Nbd2 a6
(8... Nb8 $5 {is playable, and according to my database has been chosen
exclusively by the Soviet grandmaster Yemelin (a total of 5 occurrences!)}) 9.
Ba4 b5 10. Bc2 Bb7 11. Nf1 Nb8 $5 {For me this is a trademark Howell manoeuvre.
Black went on to win in McShane,L -Howell,D London 2017.}) 5. O-O Nd4 $5 {
Partly 'telegraphed' by the previous move (though 4...d6 is still more common.)
My understanding used to be that Black was slightly worse after this move, but
maybe after annotating the present game and seeing a comprehensive list of
world elite players who have taken the Black side, that will have to change.} (
5... O-O $2 6. Bxc6 dxc6 7. Nxe5 $16 {is now essentially just a pawn.}) 6. Nxd4
Bxd4 7. Ba4 {Presumably there is some move order subtlety going on here
beneath the surface. My best guess is that White is 'threatening' Nd2 with
this move, and Black faces problems preserving his d4-bishop.} (7. c3 Bb6 8.
Na3 O-O (8... c6 $5 {would be the 'Yugoslav approach':} 9. Ba4 h6 10. d4 d6 $11
{and as usual Black should not really fear the misplacement of his king in
such lines with an exchange of queens.}) 9. Bg5 c6 10. Ba4 h6 11. Bh4 d6 (11...
d5 $5 {seems to equalise, though it is harder to play Black with the loose
central pawns:} 12. exd5 cxd5 13. Re1 Bc7 $132) 12. Nc4 Bc7 13. Ne3 Bb6 14. Qf3
$14 {Karjakin as Black limped to a draw a pawn down against Anand here in the
blitz section of last year's Norway chess event.}) 7... c6 (7... O-O {looks
perfectly playable: while it is usually advisable for Black to go ...c6 in
such lines, it is not a biblical commandment.} 8. Nd2 d6 $1 9. c3 Bb6 10. Nc4
$1 {Presumably this was Black's problem - these configurations with a bishop
pair that White can take 'on demand' are generally a little inauspicious.
However in this case, I doubt Black is worse after} Be6 11. Nxb6 axb6 {and now
White's most natural choice} 12. f4 {is met by the computerish} b5 $1 13. Bxb5
c6 14. Ba4 Qb6+ 15. Kh1 Ng4 $11) 8. c3 Bb6 9. Na3 d6 (9... O-O {transposes to
the note to White's 7th.}) 10. Bc2 (10. Bb3 {is very 'Italian', but does seem
like a second semi-waste of a tempo, this bishop not having been obligated to
move at all.} a5 11. Nc4 Ba7 $1 {Also in Italian style.} 12. a4 O-O 13. Bg5 h6
14. Bxf6 $6 (14. Bh4 g5 15. Bg3 Bg4 $11) 14... Qxf6 15. Nxa5 d5 $1 $36 {
Carlsen-Aronian, European Team Championships 2015, Black had obtained his
preparation and was ultimately successful.}) 10... Be6 11. Qe2 h6 (11... O-O {
was more modest, and probably best, since a madcap kingside attack is unlikely
to work well at this level, but the text does make the game interesting.}) 12.
Kh1 g5 13. Nc4 Bc7 14. Ne3 {Around this phase I was unable to find many
reasons to play one move first rather than another, since in any case it is
impossible to discourage Black from playing ...d5.} (14. a4 {is another
generally useful move that features in most of White's plans.}) (14. Rd1 $5 {
followed by d4 is independent, but maybe now Black would revert to the
original plan and play} O-O 15. Ne3 (15. d4 Bxc4 16. Qxc4 d5 $11) 15... d5 $11)
14... d5 15. Re1 Qe7 (15... d4 16. Nf5 Bxf5 17. exf5 Kf8 $11 {was the engine
suggestion, the rationale being that Black is probably going to eventually
trade this pair of minor pieces on f5 in any case.}) 16. a4 O-O-O 17. Rb1 $6 (
17. exd5 Nxd5 18. Nxd5 Bxd5 19. Be3 $11 {might have been better, with
approximate equality. The text was an indication that White believed himself
to be better, possibly significantly so.}) 17... d4 18. Nf1 Bb6 $6 {This is a
hard move to explain with any sort of rationale other than possibly being
excessively obsessed with how to take back on d4.} (18... Nd7 $15 {is my
engine choice, maybe thinking about an eventual ...f5. The irony of this
position is that it is Black's c7-bishop rather than White's c2-bishop which
might be opened soon in a 'Spanish' way.}) (18... g4 $1 {is the move that
makes most sense to me. Probably what Wesley didn't like was} 19. cxd4 exd4 20.
f4 $6 {when it looks like there is a risk of being outflanked, but after a
solid continuation like} gxf3 21. Qxf3 Ng4 $1 $17 {Black is doing extremely
well.}) 19. Bd2 Bg4 20. f3 Be6 21. Ng3 $14 {So Black has created his 'hook' in
White's position, but it is all a bit slow and there is a real risk of getting
outflanked along the f-file.} Rhg8 (21... Ne8 22. c4 Ng7 23. b4 h5 {might have
been an interesting race, but the engine opines that White can play} 24. Nf5 {
anyway and be better.}) 22. b4 {Now White has near-total control over the
events to come.} g4 23. a5 (23. cxd4 Bxd4 24. f4 $14 {is another way, and
maybe the best one.}) 23... dxc3 $1 {A very good practical decision.} (23...
Bc7 24. Rf1 $14) 24. Bxc3 Bd4 25. Bxd4 Rxd4 26. b5 {Losing claim to an
advantage in my opinion.} (26. f4 exf4 27. Qf2 Rgd8 28. Ne2 g3 29. Qxf4 Nh5 30.
Qe5 Qh4 31. Nxg3 Nxg3+ 32. Qxg3 Qxg3 33. hxg3 $11 {Black is not totally out of
the woods yet, even if he might appear to have great compensation.}) 26... c5 (
26... cxb5 27. Rxb5 Rb4 $11 {is relatively okay for Black.}) 27. Bb3 (27. b6 a6
28. Rf1 $14 {led to a significant plus, as after the feared} c4 {there is} 29.
f4 $1 {among other things.}) 27... h5 28. Nf5 Bxf5 29. exf5 Re8 (29... gxf3 30.
Qxf3 Ng4 {was a scary option to choose in a game, as White can choose no fewer
than three pawns to push to the 6th rank, but the engine is unfazed and claims
Black has equalised.}) 30. Rbc1 gxf3 $6 {Now this is a dubious decision. Chess
is such a fickle game sometimes.} (30... Kb8 31. Bc4 Nd5 $14) 31. Qxf3 Red8 32.
Bc4 (32. a6 $1 Rxd3 33. axb7+ Kb8 34. Qc6 Rxb3 35. Rxc5 $16 {White wins back
the piece with a strong attack.}) 32... e4 33. dxe4 Qe5 (33... Rxe4 34. Be6+ $1
$16) 34. Bxf7 Rd3 35. Qf2 R8d4 36. Bd5 Kd7 37. b6 $6 {Now Black gets back in
the game a little.} (37. Rxc5 $1 {was playable, quite natural, and very close
to winning.}) 37... axb6 38. axb6 Ng4 (38... Rd2 39. Qg1 Nxd5 40. exd5 Qxd5 $16
{is the engine choice.}) 39. Qg1 Kd8 {Possibly quite a big objective mistake,
but move 40 was still to come...} (39... Rd2 40. Rf1 h4 41. h3 Qg3 {White
might still win somehow, but it will be hard with his queen boxed in in this
way.}) 40. h3 $4 (40. Bxb7 $18 {was safe for instance.}) 40... Rxh3+ 41. gxh3
Rd3 $4 {Black had a miracle draw.} (41... Rd2 $3 42. hxg4 hxg4 {and White has
no way to avoid mate other than giving up his queen.} 43. Qg2 Qh8+ 44. Kg1
Rxg2+ 45. Kxg2 Qh3+ $11) 42. Qg2 Rg3 43. hxg4 Rxg2 44. Kxg2 h4 45. Kf3 $1 {
Now there is no perpetual check and White converts without problems.} Qg3+ 46.
Ke2 h3 47. Rg1 Qh4 48. e5 {A truly dramatic game!} 1-0

[Event "World ol U16"]
[Site "Gyor"]
[Date "2014.12.20"]
[Round "9.1"]
[White "Schroeder, Jan Christian"]
[Black "Paravyan, David"]
[Result "1-0"]
[WhiteElo "2390"]
[BlackElo "2437"]
[Annotator "Fischer,J"]
[PlyCount "101"]
[EventDate "2014.12.13"]
[EventType "team-swiss"]
[EventRounds "10"]
[EventCountry "HUN"]
[SourceTitle "EXT 2016"]
[Source "ChessBase"]
[SourceDate "2015.10.08"]
[SourceVersion "1"]
[SourceVersionDate "2015.10.08"]
[SourceQuality "1"]
[WhiteTeam "Germany"]
[BlackTeam "Russia"]
[WhiteTeamCountry "GER"]
[BlackTeamCountry "RUS"]

1. e4 e5 2. Nf3 Nc6 3. Bb5 Nf6 4. d4 Nxd4 5. Nxd4 c6 6. Bc4 exd4 7. Qxd4 Qe7 8.
O-O Nxe4 9. Re1 d5 10. Nc3 $146 {Der erste neue Zug. Er funktioniert, weil
Weiß über einen hübschen taktischen Trick verfügt.} Qb4 {Fesselt den Lc4,
der wegen der ungedecken Dame auf d4 nicht ziehen kann.} 11. Bf4 $1 {Weiß
entwickelt sich in aller Ruhe weiter.} Qxc4 12. Nxe4 $1 Be6 ({Natürlich nicht
} 12... Qxd4 $4 13. Nf6+ Kd8 14. Re8# {Aber nach dem Textzug kommt Weiß zu
einem leicht besseren Endspiel, in dem er ohne Verlustgefahr auf Gewinn
spielen kann.}) 13. Qxc4 dxc4 14. Ng5 Be7 15. Nxe6 fxe6 16. Rxe6 {Die Zeit der
taktischen Tricks ist vorbei und ein Endspiel steht auf dem Brett. Objektiv
mag die Stellung Remis sein, aber da der c-Doppelbauer die schwarze Mehrheit
am Damenflügel entwertet, hat Weiß mit seiner 3-zu-2 Mehrheit am
Königsflügel und seinen aktiven Türmen das angenehmere Spiel.} Kf7 17. Re4
b5 18. Be5 Rhe8 19. Rae1 Rad8 20. Bc3 b4 {Schwarz wird "aktiv", aber schwächt
dadurch den c-Bauern.} 21. Bd4 {Hält den leichten Druck weiter aufrecht.} ({
Nach} 21. Bxg7 Kxg7 22. Rxe7+ Rxe7 23. Rxe7+ Kf6 24. Re1 Rd2 25. Rc1 Ke5 {
hat Weiß zwar einen Bauern mehr, aber dafür konnte Schwarz seinen Turm
aktivieren.}) 21... c5 22. Be3 c3 23. bxc3 Bf6 ({Nach} 23... bxc3 24. Rc4 {
verliert Schwarz ebenfalls einen Bauern.}) 24. Rxe8 Rxe8 25. cxb4 cxb4 26. Rd1
{Jetzt hat Weiß einen "richtigen" Bauern mehr und verwertet im weiteren
Verlauf der Partie seine Bauernmehrheit am Königsflügel.} a5 27. Rd5 a4 28.
Kf1 Rb8 29. g4 b3 30. cxb3 axb3 31. axb3 Rxb3 {Ohne die Läufer ist dieses
Endspiel Remis, aber mit den Läufern hat Schwarz Probleme, Remis zu halten.}
32. g5 Be7 33. Kg2 Rc3 34. h4 Rc4 35. f4 g6 36. Kf3 Rc2 37. Rb5 Bf8 38. Rb7+
Kg8 39. h5 {Weiß gibt den h-Bauern, um mit dem f-Bauern Drohungen aufstellen
zu können.} gxh5 40. f5 Rc4 41. Rd7 Bc5 {Schwarz gibt die Qualität, aber
auch das rettet ihn nicht.} 42. Rc7 Bxe3 43. Rxc4 Bxg5 44. Rc7 h6 45. Ke4 h4
46. Ke5 h3 47. Rc3 h2 48. Rh3 Bd8 49. Ke6 Bg5 50. f6 Bf4 51. Ke7 1-0